000
00292nam a2200109Ia 4500
005
20251222140105.0
008
251222s1900||||xx |||||||||||||| ||spa||
082
_a
289.8/P11/1967
100
_a
"Pablo VI, Papa"
245
0
_a
Populorum progressio: Sobre el desarrollo de los pueblos
942
_c
LIB
999
_c
4089
_d
4089